|
|
|
|
| LEADER |
00000nam0a2200000 4500 |
| 001 |
166910 |
| 005 |
20231101222644.0 |
| 010 |
|
|
|a 9785819903759
|
| 010 |
|
|
|a 978-5-16-003442-3
|
| 035 |
|
|
|a (RuTPU)RU\TPU\book\181044
|
| 090 |
|
|
|a 166910
|
| 100 |
|
|
|a 20091009d2010 m y0rusy50 ca
|
| 101 |
0 |
|
|a rus
|
| 102 |
|
|
|a RU
|
| 105 |
|
|
|a y j 001zy
|
| 200 |
1 |
|
|a Политология
|e учебное пособие
|f Г. И. Козырев
|
| 210 |
|
|
|a Москва
|c Форум
|c Инфра-М
|d 2010
|
| 215 |
|
|
|a 368 с.
|
| 225 |
1 |
|
|a Высшее образование
|
| 320 |
|
|
|a Библиогр.: с. 334-340.
|
| 320 |
|
|
|a Словарь терминов и понятий: с. 352-360.
|
| 330 |
|
|
|a Учебное пособие подготовлено в соответствии с государственным образовательным стандартом по дисциплине «Политология». Может быть полезно для студентов всех форм обучения и для всех тех, кто интересуется проблемами современной политики. Материал, содержащийся в пособии, может быть использован для самостоятельного изучения курса политологии, для подготовки к семинарским занятиям, а также служить методической основой для выполнения контрольных работ. Учебное пособие может также быть полезно и преподавателям политологии при подготовке к занятиям.
|
| 606 |
1 |
|
|a Политология
|2 stltpush
|3 (RuTPU)RU\TPU\subj\50495
|9 69168
|
| 610 |
1 |
|
|a история
|
| 610 |
1 |
|
|a политическая культура
|
| 610 |
1 |
|
|a политическое сознание
|
| 610 |
1 |
|
|a политическая идеология
|
| 610 |
1 |
|
|a политический процесс
|
| 610 |
1 |
|
|a выборы
|
| 610 |
1 |
|
|a политическое управление
|
| 610 |
1 |
|
|a политическое манипулирование
|
| 610 |
1 |
|
|a политические конфликты
|
| 610 |
1 |
|
|a переговоры
|
| 610 |
1 |
|
|a международная политика
|
| 610 |
1 |
|
|a геополитика
|
| 610 |
1 |
|
|a глобализм
|
| 610 |
1 |
|
|a учебные пособия
|
| 686 |
|
|
|a Ф011.6я73
|v LBC/SL-A
|2 rubbk
|
| 700 |
|
1 |
|a Козырев
|b Г. И.
|g Геннадий Иванович
|
| 801 |
|
1 |
|a RU
|b 63413507
|c 20091009
|
| 801 |
|
2 |
|a RU
|b 63413507
|c 20210316
|g RCR
|
| 900 |
|
|
|a Политология
|
| 942 |
|
|
|c BK
|
| 951 |
|
|
|l 8
|
| 959 |
|
|
|a 103/20091007
|d 2
|e 169,90
|f АНЛ:1
|f ЧЗГЛ:1
|
| 959 |
|
|
|a 49/20100813
|d 15
|e 169,90
|f Ф_ТПУ_Новокузнецк:15
|